[Event "CRO-chT1B"]
[Site "Bol"]
[Date "2014.10.04"]
[Round "1.4"]
[White "Mestrovic, Zvonimir"]
[Black "Malenica, Mario"]
[Result "1-0"]
[WhiteElo "2296"]
[BlackElo "2222"]
[PlyCount "75"]
[EventDate "2014.10.04"]
[EventType "team-tourn"]
[EventRounds "9"]
[EventCountry "CRO"]
[SourceTitle "CBM 162 Extra"]
[Source "ChessBase"]
[SourceDate "2014.10.17"]
[SourceVersion "1"]
[SourceVersionDate "2014.10.17"]
[SourceQuality "1"]
[WhiteTeam "Bibinje Goran"]
[BlackTeam "Sibenik"]
[WhiteTeamCountry "CRO"]
[BlackTeamCountry "CRO"]

1. e4 d6 2. d4 Nf6 3. Nc3 g6 4. Be2 Bg7 5. h4 c5 6. e5 Nfd7 7. exd6 cxd4 8. Nb5 Na6 9. dxe7 Qxe7 10. Nxd4 0-0 11. h5 Rd8 12. hxg6 hxg6 13. Ngf3 Ne5 14. Nxe5 Qxe5 15. c3 Bg4 16. Be3 Bxe2 17. Qxe2 Qe4 18. Nf3 Qg4 19. 0-0 Nc7 20. Rad1 Nd5 21. Bg5 f6 22. Bc1 Nb6 23. Qe7 Nd5 24. Qxb7 Qc4 25. Qb3 Qxb3 26. axb3 Rab8 27. Nd4 Rdc8 28. Ne6 Nb6 29. Be3 Rb7 30. Bxb6 Rxb6 31. Nxg7 Kxg7 32. Rd7+ Kh6 33. b4 a5 34. bxa5 Rxb2 35. Ra1 Rxc3 36. a6 Rc8 37. Rb7 Rd2 38. a7 1-0

[Event "Bjelovar op 6th"]
[Site "Bjelovar"]
[Date "2014.08.05"]
[Round "6"]
[White "Plenca, Jadranko"]
[Black "Mestrovic, Zvonimir"]
[Result "1-0"]
[WhiteElo "2184"]
[BlackElo "2311"]
[PlyCount "85"]
[EventDate "2014.08.03"]
[EventType "swiss"]
[EventRounds "7"]
[EventCountry "CRO"]
[SourceTitle "EXT 2019"]
[Source "ChessBase"]
[SourceDate "2018.10.10"]
[SourceVersion "1"]
[SourceVersionDate "2018.10.10"]
[SourceQuality "1"]

1. e4 Nc6 2. Nf3 d6 3. d4 Nf6 4. Nc3 Bg4 5. Be3 a6 6. h3 Bh5 7. d5 Ne5 8. g4 Nxf3+ 9. Qxf3 Bg6 10. g5 Nh5 11. Qg4 h6 12. h4 Qd7 13. Bh3 Qxg4 14. Bxg4 f6 15. 0-0-0 Bf7 16. gxh6 gxh6 17. Ne2 c6 18. Nd4 cxd5 19. exd5 Ng7 20. c4 Bh5 21. Bxh5+ Nxh5 22. Kd2 Kf7 23. Rde1 Ng7 24. Bf4 h5 25. Rh3 Rc8 26. Rc3 Ne8 27. Rg1 Bh6 28. Bxh6 Rxh6 29. Nf5 Rh7 30. Re3 Kf8 31. Kd3 Rc7 32. Nd4 Kf7 33. Ne6 Rc8 34. Reg3 Rh8 35. a4 Rb8 36. Kd4 b5 37. Rb3 b4 38. Rbg3 b3 39. Kc3 a5 40. Nd4 Rh7 41. Rg8 Ra8 42. Ne6 Nc7 43. R8g7+ 1-0

[Event "Sarajevo Bosna op-A 44th"]
[Site "Sarajevo"]
[Date "2014.06.04"]
[Round "7"]
[White "Mestrovic, Zvonimir"]
[Black "Rasidovic, Sead"]
[Result "1/2-1/2"]
[WhiteElo "2301"]
[BlackElo "2338"]
[PlyCount "61"]
[EventDate "2014.05.30"]
[EventType "swiss"]
[EventRounds "9"]
[EventCountry "BIH"]
[SourceTitle "CBM 160 Extra"]
[Source "ChessBase"]
[SourceDate "2014.07.01"]
[SourceVersion "1"]
[SourceVersionDate "2014.07.01"]
[SourceQuality "1"]

1. e4 e6 2. d4 d5 3. Nc3 Nf6 4. Bd3 c5 5. dxc5 Bxc5 6. e5 Nfd7 7. Qg4 Bf8 8. Nf3 Nc6 9. Bf4 a6 10. 0-0 h6 11. h4 Nc5 12. Rad1 Qb6 13. Bc1 Bd7 14. a3 Nxd3 15. Rxd3 Ne7 16. Be3 Qc7 17. b4 Nf5 18. Nd4 g6 19. h5 Nxd4 20. Bxd4 Rg8 21. Re1 Qc4 22. Qg3 Rg7 23. Ne2 Qc8 24. hxg6 Rxg6 25. Qf4 Qd8 26. Qh2 Bb5 27. Rg3 Bxe2 28. Rxe2 Rxg3 29. Qxg3 Rc8 30. c3 Qg5 31. Qe3 1/2-1/2

[Event "Sarajevo Bosna op-A 44th"]
[Site "Sarajevo"]
[Date "2014.06.02"]
[Round "5"]
[White "Mestrovic, Zvonimir"]
[Black "Bojovic, Dusan"]
[Result "1-0"]
[WhiteElo "2301"]
[BlackElo "2285"]
[PlyCount "97"]
[EventDate "2014.05.30"]
[EventType "swiss"]
[EventRounds "9"]
[EventCountry "BIH"]
[SourceTitle "CBM 160 Extra"]
[Source "ChessBase"]
[SourceDate "2014.07.01"]
[SourceVersion "1"]
[SourceVersionDate "2014.07.01"]
[SourceQuality "1"]

1. d4 Nf6 2. Nc3 c5 3. dxc5 e6 4. e4 Nc6 5. Be3 Qa5 6. Qd2 Ng4 7. Nb5 Nxe3 8. fxe3 Qd8 9. Nd6+ Bxd6 10. cxd6 Qh4+ 11. g3 Qxe4 12. Bg2 Qc4 13. Nf3 a5 14. b3 Qc5 15. 0-0 Ra6 16. Rad1 b5 17. Kh1 Bb7 18. Nd4 Nd8 19. Qe2 Rb6 20. e4 b4 21. Qf2 0-0 22. Nf5 Qxf2 23. Ne7+ Kh8 24. Rxf2 f6 25. e5 Bxg2+ 26. Kxg2 Rb5 27. exf6 gxf6 28. c4 Rc5 29. Rd4 Nb7 30. Rh4 Kg7 31. Rg4+ Kf7 32. Rh4 Rh8 33. Rd2 h5 34. Rhd4 f5 35. Kf3 Rh6 36. Re2 e5 37. Rd5 Rxd5 38. Nxd5 e4+ 39. Kf4 Nxd6 40. c5 Nb5 41. Rd2 Ke6 42. Nc7+ Nxc7 43. Rd6+ Ke7 44. Rxh6 Nd5+ 45. Ke5 e3 46. Rh7+ Ke8 47. c6 e2 48. cxd7+ Kd8 49. Kd6 1-0

[Event "Sarajevo Bosna op-A 44th"]
[Site "Sarajevo"]
[Date "2014.06.01"]
[Round "4"]
[White "Burovic, Ismet"]
[Black "Mestrovic, Zvonimir"]
[Result "1-0"]
[WhiteElo "2374"]
[BlackElo "2301"]
[PlyCount "99"]
[EventDate "2014.05.30"]
[EventType "swiss"]
[EventRounds "9"]
[EventCountry "BIH"]
[SourceTitle "CBM 160 Extra"]
[Source "ChessBase"]
[SourceDate "2014.07.01"]
[SourceVersion "1"]
[SourceVersionDate "2014.07.01"]
[SourceQuality "1"]

1. e4 Nc6 2. Nc3 Nf6 3. d4 d6 4. d5 Nb8 5. h3 g6 6. Nf3 Bg7 7. Bc4 0-0 8. 0-0 Bd7 9. Qe2 c6 10. a4 cxd5 11. exd5 Re8 12. Rd1 Qc8 13. Be3 Na6 14. a5 Nc5 15. Bb5 Bxb5 16. Nxb5 a6 17. Nc3 Nfd7 18. Bd4 e5 19. dxe6 Nxe6 20. Bxg7 Nxg7 21. Qf1 Qc6 22. Nd4 Qc5 23. Nb3 Qc6 24. Nd4 Qc5 25. Nb3 Qc6 26. Qd3 Nf5 27. g4 Nh4 28. Qd5 Rac8 29. Qxc6 Rxc6 30. Nd4 Rc5 31. Kh2 f5 32. Kg3 g5 33. Nxf5 Nxf5+ 34. gxf5 Nf6 35. f3 Rxf5 36. Rxd6 Re3 37. Rf1 h5 38. Rxf6 Rxf6 39. Nd5 Rfe6 40. Nxe3 Rxe3 41. Kf2 Re5 42. b4 Rd5 43. Ke3 Re5+ 44. Kd4 Rf5 45. f4 Kf7 46. Ke4 Kg6 47. Rf3 Rb5 48. c3 b6 49. axb6 g4 50. Rg3 1-0

[Event "Sarajevo Bosna op-A 44th"]
[Site "Sarajevo"]
[Date "2014.06.01"]
[Round "3"]
[White "Mestrovic, Zvonimir"]
[Black "Dastan, Batuhan Muhammed"]
[Result "1/2-1/2"]
[WhiteElo "2301"]
[BlackElo "2439"]
[PlyCount "94"]
[EventDate "2014.05.30"]
[EventType "swiss"]
[EventRounds "9"]
[EventCountry "BIH"]
[SourceTitle "CBM 160 Extra"]
[Source "ChessBase"]
[SourceDate "2014.07.01"]
[SourceVersion "1"]
[SourceVersionDate "2014.07.01"]
[SourceQuality "1"]

1. d4 d5 2. Nc3 Nf6 3. Bg5 c5 4. Bxf6 gxf6 5. e3 e6 6. Qh5 cxd4 7. exd4 Bb4 8. Bd3 f5 9. Nf3 Nd7 10. 0-0 Nf6 11. Qh3 Bd7 12. Ne5 Rc8 13. Nxd7 Nxd7 14. Rfe1 Bxc3 15. bxc3 Rxc3 16. Qxf5 Qe7 17. Qf4 Qf6 18. Qd6 Qe7 19. Qg3 Kf8 20. Rab1 b6 21. a4 Qf6 22. Qe3 Ra3 23. Ra1 Qe7 24. Qg3 Rc3 25. a5 b5 26. a6 Qf6 27. Rab1 Qxd4 28. Rxb5 Ke7 29. Rb7 Rhc8 30. Qg5+ Kd6 31. h3 R3c7 32. Qg3+ Ne5 33. Bxh7 f5 34. Qa3+ Qc5 35. Qg3 Qc3 36. Re3 Qd4 37. Re1 Qc3 38. Qxc3 Rxc3 39. Rxa7 Rxc2 40. Rb7 Rc1 41. Rb6+ R1c6 42. Rxc6+ Nxc6 43. Bg6 Ra8 44. Ra1 Nb4 45. a7 Nc6 46. h4 Rxa7 47. Rxa7 Nxa7 1/2-1/2

[Event "SLO-chT"]
[Site "Slovenia"]
[Date "2013.12.14"]
[Round "8"]
[White "Mestrovic, Zvonimir"]
[Black "Belsak, Zan"]
[Result "1/2-1/2"]
[WhiteElo "2310"]
[BlackElo "2124"]
[PlyCount "67"]
[EventDate "2013.11.22"]
[EventType "team-tourn"]
[EventRounds "9"]
[EventCountry "SLO"]
[SourceTitle "EXT 2015"]
[Source "ChessBase"]
[SourceDate "2014.11.20"]
[SourceVersion "1"]
[SourceVersionDate "2014.11.20"]
[SourceQuality "1"]
[WhiteTeam "Triglav Krsko"]
[BlackTeam "Ptuj"]
[WhiteTeamCountry "SLO"]
[BlackTeamCountry "SLO"]

1. d4 Nf6 2. Nc3 d5 3. Bg5 c6 4. Nf3 Bf5 5. e3 Nbd7 6. Bd3 g6 7. Qe2 Bg7 8. Bxf5 gxf5 9. h3 Ne4 10. Nxe4 fxe4 11. Nd2 0-0 12. f3 exf3 13. gxf3 f6 14. Bh4 Qe8 15. Qg2 Qg6 16. Rg1 Qxg2 17. Rxg2 Kf7 18. f4 Bh6 19. Nf3 Rg8 20. Rg4 Rg6 21. Ke2 Rag8 22. Rag1 e6 23. Bf2 Bf8 24. Nh4 R6g7 25. Kd3 Be7 26. b3 f5 27. Rxg7+ Rxg7 28. Rxg7+ Kxg7 29. Nf3 h6 30. c4 Kf7 31. c5 Ke8 32. b4 a6 33. a4 b5 34. axb5 1/2-1/2

[Event "SLO-chT"]
[Site "Slovenia"]
[Date "2013.11.30"]
[Round "5"]
[White "Navinsek, Thomaz"]
[Black "Mestrovic, Zvonimir"]
[Result "1/2-1/2"]
[WhiteElo "2293"]
[BlackElo "2310"]
[PlyCount "60"]
[EventDate "2013.11.22"]
[EventType "team-tourn"]
[EventRounds "9"]
[EventCountry "SLO"]
[SourceTitle "EXT 2015"]
[Source "ChessBase"]
[SourceDate "2014.11.20"]
[SourceVersion "1"]
[SourceVersionDate "2014.11.20"]
[SourceQuality "1"]
[WhiteTeam "Maribor Branik"]
[BlackTeam "Triglav Krsko"]
[WhiteTeamCountry "SLO"]
[BlackTeamCountry "SLO"]

1. g3 Nc6 2. Bg2 Nf6 3. c4 g6 4. Nf3 Bg7 5. 0-0 0-0 6. Nc3 e5 7. d3 d6 8. Bg5 h6 9. Bxf6 Qxf6 10. Rb1 Qd8 11. b4 Ne7 12. Nd2 Kh7 13. Qc2 f5 14. Nd5 c6 15. Nxe7 Qxe7 16. b5 c5 17. Nb3 Qc7 18. a4 Rb8 19. a5 a6 20. Nc1 Be6 21. Na2 Qf7 22. bxa6 bxa6 23. Rb6 Rxb6 24. axb6 e4 25. Nc3 exd3 26. exd3 f4 27. gxf4 Qxf4 28. Ne2 Qh4 29. b7 Bh3 30. Bxh3 Qxh3 1/2-1/2

[Event "SLO-chT"]
[Site "Slovenia"]
[Date "2013.11.22"]
[Round "1"]
[White "Mestrovic, Zvonimir"]
[Black "Justin, Matjaz"]
[Result "1-0"]
[WhiteElo "2310"]
[BlackElo "2306"]
[PlyCount "37"]
[EventDate "2013.11.22"]
[EventType "team-tourn"]
[EventRounds "9"]
[EventCountry "SLO"]
[SourceTitle "EXT 2015"]
[Source "ChessBase"]
[SourceDate "2014.11.20"]
[SourceVersion "1"]
[SourceVersionDate "2014.11.20"]
[SourceQuality "1"]
[WhiteTeam "Triglav Krsko"]
[BlackTeam "Vrhnika"]
[WhiteTeamCountry "SLO"]
[BlackTeamCountry "SLO"]

1. e4 c5 2. c3 d5 3. exd5 Qxd5 4. d4 e6 5. Na3 Nf6 6. Nb5 Qc6 7. Bf4 Nd5 8. Bxb8 Rxb8 9. Nxa7 Qb6 10. Qa4+ Kd8 11. 0-0-0 Bd7 12. Nb5 cxd4 13. Qxd4 Bc5 14. Qxg7 Ke7 15. Qg5+ Ke8 16. Rxd5 Bxf2 17. Nd6+ Kf8 18. Nc4 Qc7 19. Rd2 1-0

[Event "Sentjur Ipavec Memorial 13th"]
[Site "Sentjur"]
[Date "2013.09.13"]
[Round "4"]
[White "Brinovec, David"]
[Black "Mestrovic, Zvonimir"]
[Result "1/2-1/2"]
[WhiteElo "1908"]
[BlackElo "2321"]
[PlyCount "108"]
[EventDate "2013.09.11"]
[EventType "swiss"]
[EventRounds "9"]
[EventCountry "SLO"]
[SourceTitle "EXT 2015"]
[Source "ChessBase"]
[SourceDate "2014.11.20"]
[SourceVersion "1"]
[SourceVersionDate "2014.11.20"]
[SourceQuality "1"]

1. e4 Nc6 2. Nf3 d6 3. d4 Nf6 4. Nc3 Bg4 5. Be3 a6 6. h3 Bh5 7. g4 Bg6 8. Nd2 e5 9. d5 Nb8 10. a4 Be7 11. Bd3 Nfd7 12. Qf3 h5 13. 0-0-0 Bg5 14. Rdf1 Nc5 15. Be2 a5 16. gxh5 Bxe3 17. Qxe3 Bxh5 18. f4 Nbd7 19. Nc4 Bxe2 20. Qxe2 Qe7 21. Nb5 0-0-0 22. Nxa5 Kb8 23. fxe5 Qxe5 24. Rxf7 Rdf8 25. Rxf8+ Rxf8 26. Nc3 Nb6 27. Rf1 Re8 28. Nc4 Nxc4 29. Qxc4 Nxe4 30. Nxe4 Qxe4 31. Qxe4 Rxe4 32. Rf8+ Ka7 33. Rf7 Rxa4 34. Rxc7 g5 35. Rg7 Rh4 36. Rxg5 Kb6 37. Rg3 Kc5 38. Rd3 b5 39. b3 b4 40. Kb2 Rf4 41. Rg3 Rh4 42. Rg4 Rxh3 43. Rc4+ Kb5 44. Rc6 Rh6 45. Kc1 Rg6 46. Kd2 Rh6 47. Ke3 Rf6 48. Ke4 Ka5 49. Rc8 Kb5 50. Kd4 Rf4+ 51. Kd3 Rf3+ 52. Ke4 Rf6 53. c4+ bxc3 54. Rxc3 Kb4 1/2-1/2

[Event "Sarajevo Bosna op-A 43rd"]
[Site "Sarajevo"]
[Date "2013.06.08"]
[Round "9"]
[White "Mestrovic, Zvonimir"]
[Black "Rasidovic, Sead"]
[Result "1/2-1/2"]
[WhiteElo "2327"]
[BlackElo "2381"]
[PlyCount "20"]
[EventDate "2013.06.01"]
[EventType "swiss"]
[EventRounds "9"]
[EventCountry "BIH"]
[SourceTitle "CBM 154 Extra"]
[Source "ChessBase"]
[SourceDate "2013.06.25"]
[SourceVersion "2"]
[SourceVersionDate "2013.06.25"]
[SourceQuality "1"]

1. e4 e6 2. d4 d5 3. Nc3 Nf6 4. exd5 exd5 5. Bd3 Be7 6. Bg5 c6 7. h3 0-0 8. Nf3 Nbd7 9. 0-0 Re8 10. Re1 Nf8 1/2-1/2

[Event "Sarajevo Bosna op-A 43rd"]
[Site "Sarajevo"]
[Date "2013.06.02"]
[Round "2"]
[White "Mestrovic, Zvonimir"]
[Black "Grandelius, Nils"]
[Result "0-1"]
[WhiteElo "2327"]
[BlackElo "2544"]
[PlyCount "58"]
[EventDate "2013.06.01"]
[EventType "swiss"]
[EventRounds "9"]
[EventCountry "BIH"]
[SourceTitle "CBM 154 Extra"]
[Source "ChessBase"]
[SourceDate "2013.06.25"]
[SourceVersion "2"]
[SourceVersionDate "2013.06.25"]
[SourceQuality "1"]

1. Nc3 c5 2. Nf3 Nc6 3. g3 d5 4. Bg2 Nf6 5. 0-0 d4 6. Na4 e5 7. c4 Bd6 8. d3 h6 9. e4 Bg4 10. a3 Nd7 11. Bd2 a6 12. b4 cxb4 13. axb4 b5 14. cxb5 axb5 15. Nc5 Bxc5 16. bxc5 Rxa1 17. Qxa1 0-0 18. Rc1 Qa8 19. Qb1 Qa4 20. Nh4 Ra8 21. Nf5 Qa2 22. Qxa2 Rxa2 23. Be1 Be2 24. Bf1 Bxf1 25. Kxf1 b4 26. Nd6 b3 27. Nc4 Rc2 28. Ra1 Nxc5 29. Nd2 b2 0-1